| 000 | 01363cam a2200301 4500 | ||
|---|---|---|---|
| 001 | 2188219 | ||
| 005 | 20060725210900.0 | ||
| 008 | 720928s1972 nyu | b 001 0 eng d | ||
| 010 | _a 72081451 | ||
| 020 | _a9780671212094 | ||
| 020 | _a0671212095 | ||
| 040 |
_aDLC _cDLC _dDLC |
||
| 082 |
_a028 _bADL |
||
| 100 | 1 |
_aAdler, Mortimer Jerome, _d1902-2001. _913343 |
|
| 245 | 1 | 0 |
_aHow To Read A Book, _cBy Mortimer J. Adler and Charles van Doren. |
| 250 | _aRev. and updated ed. | ||
| 260 |
_aNew York : _bSimon and Schuster , _cc1972. |
||
| 300 |
_axiii, 426 p. _c22 cm. |
||
| 500 | _aIncludes Index. | ||
| 650 | 0 |
_aReading. _913344 |
|
| 700 | 1 |
_aVan Doren, Charles Lincoln, _d1926- _ejoint author. _913345 |
|
| 856 | 4 | 2 |
_3Publisher description _uhttp://www.loc.gov/catdir/enhancements/fy0631/72081451-d.html |
| 856 | 4 | 1 |
_3Table of contents only _uhttp://www.loc.gov/catdir/enhancements/fy0631/72081451-t.html |
| 856 | 4 | 1 |
_3Sample text _uhttp://www.loc.gov/catdir/enhancements/fy0641/72081451-s.html |
| 942 |
_2ddc _cBB |
||
| 999 |
_c13841 _d13841 |
||